English Football teams with the highest average attendance - Statistics

General Stats
  • This quiz has been taken 65 times
  • The average score is 17 of 20
Answer Stats
Attendance Team % Correct
54,219 Manchester City
100%
73.393 Manchester United
100%
59.384 Tottenham Hotspur
100%
60.279 Arsenal
98%
40.563 Chelsea
98%
39.150 Everton
98%
53.143 Liverpool
98%
41.661 Aston Villa
96%
48.248 Newcastle
96%
59.925 West Ham
90%
35.321 Leeds
88%
32.061 Leicester
86%
30.118 Sunderland
80%
29.675 Southampton
76%
31.360 Wolverhampton
71%
27.724 Nottingham Forest
69%
27.025 Norwich City
65%
30.869 Sheffield United
63%
26.727 Derby County
61%
30.358 Brighton & Hove Albion
47%
No matching quizzes found
Score Distribution
Percent of People with Each Score
Percentile by Number Answered
Your Score History
You have not taken this quiz